000 01218cam a22003857a 4500
003 CHAP
005 20220817043618.0
008 000207d1999 it rn 00110 eng d
010 _a79764
011 _a80736
020 _a9251042950
035 _a91188
040 _cCHAP
082 0 4 _a639.2
_bF3 v.386
110 2 _aFAO
245 1 0 _aManaging fishing capacity :
_bselected papers on underlying concepts and issues
_c/ ed. by Dominique Gréboval
260 _aRome
_bFAO,
_c1999.
300 _a206 p.
410 _aFAO
490 0 _aDocumento técnico de pesca
_v; 386
590 _aBATCH-UPD
_b10
_c20130110
_lUCH01
_h1055
590 _aBATCH-UPD
_b10
_c20130410
_lUCH01
_h0650
590 _aBATCH-UPD
_b10
_c20130914
_lUCH01
_h1214
590 _aCONVERSION
_b10
_c20130109
_lUCH01
_h1344
650 1 4 _aPesca.
650 1 4 _aPesquería.
_987496
700 0 _aGréboval, Dominique.
_950773
810 0 _aFAO
830 0 0 _aDocumento técnico de pesca
_v; 386
_933242
901 _aBK
905 _aPatricia Mendoza P.
942 _cLIBRO
949 _a639.2 F3 v.386
_bBC
_cFAO
_d33724000751020
_eFAO1
_h97037
_i91188
_sb
949 _a639.2 F3 v.386
_bBC
_cFAO
_d33724000779427
_eFAO2
_fc.2
_h97525
_i91188
_kDonaciØn
_sb
999 _c79764
_d79764